Wordstar tips and traps (Record no. 548244)
[ view plain ]
| 000 -LEADER | |
|---|---|
| fixed length control field | 00580nam a2200193 a 4500 |
| 082 ## - DEWEY DECIMAL CLASSIFICATION NUMBER | |
| Classification number | 625.5 |
| Author Mark | AND |
| -- | L-1, P-9 |
| 100 1# - MAIN ENTRY--PERSONAL NAME | |
| Personal name | Andersen, Dick |
| 9 (RLIN) | 44458 |
| 245 1# - TITLE STATEMENT | |
| Title | Wordstar tips and traps |
| Statement of responsibility, etc. | Andersen, Dick |
| 250 ## - EDITION STATEMENT | |
| Edition statement | 1st ed. |
| 260 ## - PUBLICATION, DISTRIBUTION, ETC. | |
| Place of publication, distribution, etc. | Delhi: |
| Name of publisher, distributor, etc. | BPB, Publishers , |
| Date of publication, distribution, etc. | 1987 |
| 300 ## - PHYSICAL DESCRIPTION | |
| Extent | 239p. |
| Other physical details | ill. |
| Dimensions | 25 cm. |
| 526 ## - STUDY PROGRAM INFORMATION NOTE | |
| Program name | 0 |
| Interest level | 0 |
| Reading level | 0 |
| Title point value | 625_500000000000000_AND |
| 526 ## - STUDY PROGRAM INFORMATION NOTE | |
| Program name | 0 |
| Interest level | 0 |
| Reading level | 0 |
| Title point value | 625_500000000000000_AND |
| 526 ## - STUDY PROGRAM INFORMATION NOTE | |
| Program name | 0 |
| Interest level | 0 |
| Reading level | 0 |
| Title point value | 625_500000000000000_AND |
| 650 ## - SUBJECT ADDED ENTRY--TOPICAL TERM | |
| Topical term or geographic name entry element | MCE |
| 9 (RLIN) | 379 |
| 650 ## - SUBJECT ADDED ENTRY--TOPICAL TERM | |
| Topical term or geographic name entry element | Word Processing |
| 9 (RLIN) | 36793 |
| 650 ## - SUBJECT ADDED ENTRY--TOPICAL TERM | |
| Topical term or geographic name entry element | Word Star (Computer File) |
| 9 (RLIN) | 44459 |
| 942 ## - ADDED ENTRY ELEMENTS (KOHA) | |
| Source of classification or shelving scheme | |
| Koha item type | Book |
| Withdrawn status | Lost status | Source of classification or shelving scheme | Damaged status | Not for loan | Permanent Location | Current Location | Date acquired | Total Checkouts | Full call number | Barcode | Date last seen | Price effective from | Koha item type |
|---|---|---|---|---|---|---|---|---|---|---|---|---|---|
| Military College of Engineering (MCE) | Military College of Engineering (MCE) | 08/25/2014 | 625.5 AND | MCE-29202 | 08/25/2014 | 08/25/2014 | Book | ||||||
| Military College of Engineering (MCE) | Military College of Engineering (MCE) | 08/25/2014 | 625.5 AND | MCE-29247 | 08/25/2014 | 08/25/2014 | Book | ||||||
| Military College of Engineering (MCE) | Military College of Engineering (MCE) | 08/25/2014 | 625.5 AND | MCE-29185 | 08/25/2014 | 08/25/2014 | Book |
